000 00333nam a2200157Ia 4500
100 _aKendall/M.G/ Stuart/A
490 _vIII
942 _cBK
654 _astatistics
245 _aAdvanced theory of Statistics
260 _bGriffin
_aLondon
_c1975
082 _a519.5
_bKEN
300 _a586
546 _aENGLISH
999 _c33990
_d33990